000 00640nam1a22002171i 4500
001 rc\213501
005 20240723213958.0
035 _a(NLR Aleph) 005622950
090 _a6510624
_c6510624
100 _a20030307g19939999u |0rusy50 ca
101 0 _arus
102 _aRU
105 _ay |||||||||
200 1 _aЮридическая конфликтология
_e[В 3 ч.]
_fРос. АН. Центр конфликтол. исслед.
210 _aМ.
_d1993-
215 _d21
300 _aНа обл. только загл. части
801 0 _aRU
_bNLR
_gpsbo
801 1 _aRU
_bELAR
_2rusmarc
852 _aNLR
_j93-3/9287
942 _cBOOK